special star wars - the clone wars - Statistiques

Statistiques générales
  • Ce quiz a été pris 465 fois
  • Le résultat moyen est 6 sur 20
Statistiques - réponses
Hint Réponse % Correct
jedi who found Ashoka Tano Plo Koon
89%
anakin's personal legion 501st
72%
clone serie number of "fives" CT-5555
57%
main director and supervisor of the series Dave Filoni
56%
clone who joined the bad batch in S7 echo
43%
homeworl of twi'lek species ryloth
43%
palludivan female bounty hunter Aurra sing
25%
kyber crystal planet ilum
24%
Padawan who turned against the jedi order. Barris offee
23%
politician who flirted with padme Clovis
20%
savage killed her with his head spikes adi gallia
15%
He killed his own brother Savage Opress
14%
ruler of mandalor before pre visla duchess satine
13%
crime syndicat who helped the death watch on mandalore the pykes
13%
death watch's home planet concordia
12%
She almost defeated Mace windu mother Talzin
11%
pirate who fought alongside obi-wan Hondo ohnaka
8%
the 501st turned against him on Umbara general Krell
7%
maul's voice actor sam witwer
7%
the mightiest sith lord 😈 dark jarjar
4%
Aucun quiz correspondant
Distribution des résultats
% des personnes avec chaque résultat
Percentile par nombre de réponses
Votre historique - résultats
Vous n’avez pas pris ce quiz